Proceedings of a Second Symposium on Large-Scale Digital Calculating Machinery, 13-16 september 1949 /
Guardado en:
| Autor Corporativo: | |
|---|---|
| Otros Autores: | |
| Formato: | Libro |
| Idioma: | English |
| Publicado: |
Cambridge, Mass. :
Harvard University Press,
1951.
|
| Series: | The annals of the Computation Laboratory of Harvard University ;
v. 26 |
| Etiquetas: |
Agregar Etiqueta
Sin Etiquetas, Sea el primero en etiquetar este registro!
|
| LEADER | 00845nam a22001695a 4500 | ||
|---|---|---|---|
| 001 | MAT.inmabb000498 | ||
| 008 | 031125s1951####mau###########100#0#eng#d | ||
| 005 | 20170731130543.0 | ||
| 245 | 1 | 0 | |a Proceedings of a Second Symposium on Large-Scale Digital Calculating Machinery, 13-16 september 1949 / |c jointly sponsored by the Navy Department Bureau of Ordnance and Harvard University at the Computation Laboratory. |
| 260 | |a Cambridge, Mass. : |b Harvard University Press, |c 1951. | ||
| 300 | |a xxxviii, 393 p. ; |c 28 cm. | ||
| 440 | 4 | |a The annals of the Computation Laboratory of Harvard University ; |v v. 26 | |
| 500 | |a Prefacio de Howard H. Aiken | ||
| 111 | 2 | |a Symposium on Large-Scale Digital Calculating Machinery |n (2nd : |d 1949 : |c Cambridge, Mass.) | |
| 700 | 1 | |a Aiken, Howard H. |4 aui | |
| 084 | |a 00B20 |2 msc2000 | ||
| 859 | |h 00B20 |i Sy989p-2 |p A-272 |b BIB. MATEMATICA | ||
